Normale Ansicht MARC-Ansicht ISBD

Stadt sieht sich als Mittelpunkt einer Wachstumsregion (Titelsatznr. 372215)

[ MARC ]
MARC-Details
000 -Satzkennung
Kontrollfeld mit fester Länge 00788nam a22001937a 4500
008 - Feld mit fester Länge zur physischen Beschreibung - Allgemeine Angaben
Kontrollfeld mit fester Länge 201127b ||||| |||| 00| 0 eng d
040 ## - Katalogisierungsquelle
Original-Katalogisierungsstelle DE-2950
Katalogisierungssprache ger
Übertragungsstelle DE-2950
Beschreibungsfestlegungen rda
041 ## - Sprachcode
Sprachcode des Textes/der Tonspur oder des separaten Titels ger
245 ## - Titel
Haupttitel Stadt sieht sich als Mittelpunkt einer Wachstumsregion
Titelzusatz Wirtschaft. Wie der Beigeordnete Claus Junghanns (CDU) die wirtschaftliche Lage von Frankfurt (Oder) bewertet und wo es mit dem Standort hingehen soll/
Verantwortlichkeitsangabe Thomas Gutke
264 ## - Veröffentlichungsangabe, Vertriebsangabe, Herstellungsangabe
Erscheinungs-, Vertriebs-, Herstellungsdatum 2023
653 ## - Lokales Schlagwort
Nicht-normierter Term Frankfurt (Oder)
653 ## - Lokales Schlagwort
Nicht-normierter Term Wirtschaft
653 ## - Lokales Schlagwort
Nicht-normierter Term Wachstumsregion
773 ## - Übergeordnete Einheit
Ort, Verlag und Erscheinungsjahr Frankfurt (Oder) Märkisches Verlags- und Druckhaus GmbH & Co KG
Titel Märkische Oderzeitung
Verknüpfungsangaben 34. Jahrgang (2023) Nr. 37 vom 13.02.2023, S.11: mit Foto
942 ## - Zusätzliche Felder (Koha)
Koha-Medientyp Aufsätze
Exemplare
Ausgeschieden Verloren Beschädigt Nicht entleihbar Permanenter Standort Aktueller Standort Aufstellungsort Eingabedatum Anzahl Ausleihen Signatur Letzte Aktivität Preis gültig von Medientyp
        Stadtarchiv Frankfurt (Oder) | Archivbibliothek Stadtarchiv Frankfurt (Oder) | Archivbibliothek Magazin 14/02/2023   Z2 14/02/2023 14/02/2023 Aufsätze